Where and how much cash grain storage for Oklahoma farmers, (Record no. 11239)
[ view plain ]
| 000 -LEADER | |
|---|---|
| fixed length control field | 00816cam a22002291 4500 |
| 001 - CONTROL NUMBER | |
| control field | agr50000720 |
| 003 - CONTROL NUMBER IDENTIFIER | |
| control field | DLC |
| 005 - DATE AND TIME OF LATEST TRANSACTION | |
| control field | 20260227111014.0 |
| 008 - FIXED-LENGTH DATA ELEMENTS--GENERAL INFORMATION | |
| fixed length control field | 810206s1950 dcuab 000 0 eng c |
| 010 ## - LIBRARY OF CONGRESS CONTROL NUMBER | |
| LC control number | agr50000720 |
| 035 ## - SYSTEM CONTROL NUMBER | |
| System control number | (OCoLC)7110190 |
| 040 ## - CATALOGING SOURCE | |
| Original cataloging agency | U.S. Dept. of Agr. Libr. |
| Transcribing agency | MChB |
| Modifying agency | DLC |
| 042 ## - AUTHENTICATION CODE | |
| Authentication code | premarc |
| 050 00 - LIBRARY OF CONGRESS CALL NUMBER | |
| Classification number | HG2051.U5 |
| Item number | A574 no. 58 |
| 082 ## - DEWEY DECIMAL CLASSIFICATION NUMBER | |
| Classification number | 633.1 |
| 100 1# - MAIN ENTRY--PERSONAL NAME | |
| Personal name | Hall, Thomas Elliot, |
| Dates associated with a name | 1911- |
| 245 10 - TITLE STATEMENT | |
| Title | Where and how much cash grain storage for Oklahoma farmers, |
| Statement of responsibility, etc. | by Thomas E. Hall [and others] |
| 260 ## - PUBLICATION, DISTRIBUTION, ETC. | |
| Place of publication, distribution, etc. | Washington, |
| Name of publisher, distributor, etc. | Cooperative Research and Service Division, Farm Credit Administration, U.S. Dept. of Agriculture, |
| Date of publication, distribution, etc. | 1950. |
| 490 0# - SERIES STATEMENT | |
| Series statement | U.S. Farm Credit Administration. Bulletin |
| Volume/sequential designation | 58 |
| 500 ## - GENERAL NOTE | |
| General note | In cooperation with Oklahoma A.& M. College. |
| 650 #0 - SUBJECT ADDED ENTRY--TOPICAL TERM | |
| Topical term or geographic name entry element | Grain |
| General subdivision | Storage. |
No items available.